000
00293pam a2200133 a 4500
020
_c
041
_h
082
_a
241.235
_b
AVA
100
_a
Mavgavet Evans .
245
_a
Pastel Unleashed
_h
Textual Documents
260
_a
[s.l]:
_b
Search Press
300
_a
144:
_b
Paper.
930
_a
7474
999
_c
241264
_d
241264